| 000 | 00889nas a2200301 4500 | ||
|---|---|---|---|
| 001 | BR0810051 | ||
| 003 | BR-BrBNA | ||
| 005 | 20231205112922.0 | ||
| 007 | ta | ||
| 008 | 230509b bl.|||p| |||| 00| 00por d | ||
| 040 |
_aBR-BrBNA _bpor _cBiblioteca Nacional de Agricultura |
||
| 041 | _a(Pt) | ||
| 072 | _aE16 | ||
| 100 | 1 | _aPimentel, L.D. | |
| 100 | 1 | _aSantos, C.E.M. dos | |
| 100 | 1 | _aWagner Júnior, A. | |
| 100 | 1 | _aSilva, V.A. | |
| 100 | 1 | _aBruckner, C.H. | |
| 245 | 1 | _aEstudo de viabilidade econômica na cultura da noz-macadâmia no Brasil | |
| 650 | _aMACADÂMIA | ||
| 650 | _aAGRONEGÓCIO | ||
| 650 | _aCUSTO DE PRODUÇÃO | ||
| 650 | _aEXPORTAÇÃO | ||
| 650 | _aLUCRO | ||
| 773 | 0 |
_tRevista Brasileira de Fruticultura (Brazil) _xISSN 0100 2945 _g(Dec 2007), v. 29(3) p. 500-507 _wBR0810051 |
|
| 909 |
_a202311 _bLúcia _c55 _dLúcia Elande |
||
| 942 |
_2AGRIS _n0 _cANA |
||
| 999 |
_c200787 _d200787 |
||